• 首页
  • 本馆介绍
  • 公告通知
  • 最新文献
  • 馆藏检索
  • 电子资源
  • 读者导购
  • 参考咨询
  • 我的图书馆
  • 登录
  • 详细信息显示
  • 放入我的书架
  • 预约/预借图书
  • 作者相关作品
  • 分类相关作品
  • 丛书相关作品
  • 出版社相关作品

书目信息

  • 表格格式
  • 工作单格式
  • 卡片格式
题名:
中国边疆地理
    
 
作者: 张耀光
分册:  
出版信息: 北京   科学出版社  2001
页数: 348页
开本: 28cm
丛书名: 中国人文地理丛书
单 册:
中图分类: K928.1
科图分类:
主题词: 地理--中国
电子资源:
ISBN: 7-03-009028-4
000 00587nam0 2200205 450
001 0736196517
005 20070924100316.51
010    @a7-03-009028-4@d¥50.00
100    @a20070924d km y0chiy0120 ea
101 0  @achi
200 1  @a中国边疆地理@Azhong guo bian jiang di li@f张耀光@Fzhang yao guang
210    @a北京@c科学出版社@d2001
215    @a348页@c插图@d28cm
225 2  @a中国人文地理丛书
410  0 @12001 @a中国人文地理丛书
606 0  @a地理@x中国
690    @aK928.1@v3
701  0 @a张耀光@Azhang yao guang
801  0 @aCN@bPFT@c20070924
905    @a213230@dK928.1@eZY115@f1
    
    中国边疆地理/张耀光.-北京:科学出版社,2001
    348页:插图;28cm.-(中国人文地理丛书)
    
    
    ISBN 7-03-009028-4:¥50.00
    
●
相关链接 在E读中查询图书 在五车中查询图书 在当当中查询图书 在豆瓣中查询图书


正题名:中国边疆地理     索取号:K928.1/ZY115         预约/预借

序号 登录号 条形码 馆藏地/架位号 状态 备注
1 7900702   279007021   密集书库-资源管理系/ [索取号:K928.1/ZY115] 在馆    
唐山师范学院图书馆 欢迎您!
大连网信软件有限公司© 版权所有